000 00405nam a2200157 i 4500
001 bg
100 1 _aJACYNA, Iwona
245 0 _aZiemia w asfalcie /
_cIwona Jacyna.
260 _aWarszawa :
_bLudowa Spółdzielnia Wydawnicza,
_c1975.
650 9 _aŚrodowisko człowieka
040 _cBPK
041 _apol
080 _a502.7+628.5:614.7
942 _cKS
008 s pl f |000 0 pol
999 _c26853
_d26853
856 _uhttp://koha.tu.koszalin.pl/cgi-bin/koha/opac-detail.pl?biblionumber=26853
_yKatalog online BPK